000 01721cam a22004817a 4500
001 000093788
003 CHAP
005 20220922124615.0
008 050512d2005 mx a r 00110 spa d
010 _a90254
011 _a91226
035 _a101784
040 _cCHAP
090 _aTesis
100 0 0 _aJiménez Galindo, José Cruz.
_961512
245 1 0 _aUso de los marcadores genético moleculares en la selección de variedades de frijol resistentes a Fusarium oxysporum (Schlcht.)Snyder y Hansen f.sp. phaseoli Kendrick y Snyder /
_c/por José Cruz Jiménez Galindo.
260 _aChapingo, Méx. :
_bEl autor,
_c2005.
300 _a72 h. :
_bilus. ; gráfs.
502 _aTesis (M.C. en Protección Vegetal) -- UACH. Departamento de Parasitología Agrícola
590 _aALEPH
_b10
_c20130110
590 _aBATCH-UPD
_b10
_c20130110
590 _aBATCH-UPD
_b10
_c20130410
590 _aBATCH-UPD
_b10
_c20130914
590 _aBATCH-UPD
_b10
_c20140324
590 _aBATCH-UPD
_b10
_c20141002
590 _aCONVERSION
_b10
_c20130109
590 _aE5765TAJ
_b10
_c20130619
590 _aE5765TAJ
_b10
_c20130703
590 _aE5765TAJ
_b10
_c20130703
590 _aE5765TAJ
_b10
_c20130703
590 _aE5765TAJ
_b10
_c20130703
650 1 4 _aFrijol
_xEnfermedades.
_943367
650 1 4 _aFrijol
_xVariedades.
_943446
650 1 4 _aFusarium oxysporum.
_944093
650 1 4 _aMarcadores genéticos.
_971249
856 _uhttp://10.13.5.2/tesis/101784.pdf
_yTexto completo
901 _aBK
905 _aAlejandra Carrasco M.
942 _cCD
_2ddc
942 _n0
_2ddc
949 _aTesis
_bBC
_cTES
_d1017841
_eTS1
_h43755
_i101784
_sb
949 _aTesis
_bBC
_cTES
_d33724000799193
_eTS2
_fc.2
_h43756
_i101784
_si
999 _c90254
_d90254